00366cam a2200145 a 4500040000800000082002600008245005600034250001600090260004000106300002000146650001000166650002000176710001200196710001200208 cDLC00a631 OUK 2017 C138 Or.02aA description of crop varieties grown in Malaŵi / aRev. [ed.]. a[Lilongwe] :bThe Committee,c1991. a64 p. ;c21 cm. 0aCrops 0aPlant varieties1 aMalawi.1 aMalawi.